000 01016nam a22002417a 4500
999 _c5612
_d5612
003 OSt
005 20251009133159.0
008 251009b ||||| |||| 00| 0 eng d
020 _a9781409591528
_qbook set
040 _cKH8
082 _aFIC MAC
100 _aMackinnon, Mairi,
_eauthor.
245 _aThe Runaway Pancake /
_cretold by Mairi Mackinnon ; illustrated by Silvia Provantini.
260 _aEngland ;
_bUsborne Publishing Ltd ,
_c2006.
300 _a48 pages :
_bcolor illustrations ;
_c20 cm.
490 _aUsborne First Reading
_vlevel four
520 _aWhen seven hungry children have pancakes for breakfast, one pancake refuses to be eaten, jumps out of the pan and rolls right away. Can the runaway pancake escape from the whole family, the dog, the rabbit, the duck, the cat, the goat, the fox and a cunning old pig?
650 _aEasy reading
_vfiction
650 _aStory book
_vfiction
700 _aProvantini, Silvia,
_eillustrator.
830 _aUsborne First Reading
942 _2ddc
_cFIC